01072cam a22003011 4500001001300000003000400013005001700017008004100034010001700075035002000092040001800112042001200130050001500142100001800157245003200175260001100207300001500218440006200233500002700295500004800322500017800370500008600548650003200634700001700666700001600683700005100699700002000750sa 65008038 DLC20260227112153.0890829m19659999ii 000 0 sano  asa 65008038  a(OCoLC)20275208 aDLCcWaUdDLC apremarc00aPK531b.B40 aBhartr̥hari.10aMahābhāṣyaṭīkā. c[1965- av.c25 cm. 0aHindu Vishvavidyalaya Nepal Rajya Sanskrit series,vv. 11 aAdded t.p. in English. aIn Sanskrit; foreword and pref. in English. aBhartr̥hari's work is a commentary on the Mahābhāṣya of Patañjali, which is in turn a commentary on the sūtras of Pāṇini and the vārttikas of Kātyāyana. a"Thesis approved for the degree of M. Litt. of the University of Madras in 1956." 0aSanskrit languagexGrammar.0 aPatañjali.0 aPāṇini.0 aKātyāyana,dactive 4th or 3rd century B.C.1 aSwaminathan, V.